00589nam a2200181Ia 4500999001500000020001800015082001700033100002300050245005600073260004100129300001300170504002600183650002600209700002100235700002200256942000700278952012200285 c7665d7665 a9781412905848 a158.24 RAS-R aRasheed, Janice M. 0aReadings in family therapy: from theory to practice aLos AngelesbSage Publicationsc2010 axvi, 316 aincludes bibliography aFamilyvPsychotherapy aMarley, James A. aRasheed, Mikal N. cBK 00104070aNASSDOCbNASSDOCd2011-03-23eKKi2011-02-22l0o158.24 RAS-Rp47114r2019-04-18 00:00:00w2019-04-18yBK